000 01295cam a2200361 a 4500
001 12361572
003 OSt
005 20140310184241.0
008 010328s2002 nyuab c 000 1 eng
010 _a 2001031085
020 _a0439194040
040 _aDLC
_cDLC
_dDLC
042 _alcac
050 0 0 _aPZ 7
_b.L3274Mar 2002
100 1 _aLasky, Kathryn.
_96040
245 1 0 _aMary, Queen of Scots, queen without a country /
_cby Kathryn Lasky.
260 _aNew York :
_bScholastic,
_cc2002.
300 _a202 p. :
_bill., map ;
_c20 cm.
440 0 _aRoyal diaries
_913106
521 _aG7
526 _c850
600 0 0 _aMary,
_cQueen of Scots,
_d1542-1587
_vJuvenile fiction.
_927319
600 0 1 _aMary,
_cQueen of Scots,
_d1542-1587
_vFiction.
_927320
650 1 _aKings, queens, rulers, etc.
_vFiction.
_927321
650 1 _aDiaries
_vFiction.
_927322
651 1 _aFrance
_xHistory
_yHenry II, 1547-1559
_vFiction.
_927323
856 4 2 _3Publisher description
_uhttp://www.loc.gov/catdir/enhancements/fy1203/2001031085-d.html
906 _a7
_bcbc
_corignew
_d1
_eocip
_f20
_gy-gencatlg
942 _2lcc
_cBK-SCHOLAS
999 _c33262
_d33262